000 00657nam a2200193 4500
999 _c372148
_d372148
008 201207b ||||| |||| 00| 0 eng d
040 _bger
_cDE-2950
_erda
_aDE-2950
041 _ager
245 _aAufstieg und Fall der Spreewaldammen /
_cKarin Bergstermann
264 _c2022
490 _aDie Mark Brandenburg
_vAusgabe 127/ Dezember 2022. Frauen in Brandenburg
653 _aSpreewald
653 _aAmme
773 _dBerlin: Die Mark Brandenburg - Verlag für Regional- und Zeitgeschichte
_g(2022), Ausgabe 127. Dezember 2022, S. 14-17
_tDie Mark Brandenburg
942 _cA